[Event "Robinson Cup"]
[Site "Stirling"]
[Date "2023.08.18"]
[Round "2"]
[White "Welling, Zac"]
[Black "Doolin, Nemhain"]
[Result "1-0"]
[WhiteElo "1644"]
[BlackElo "1300"]
[PlyCount "67"]
[EventDate "2023.08.18"]
[EventType "team-tourn"]
[EventRounds "6"]
[EventCountry "SCO"]
[SourceTitle "EXT 2024"]
[Source "ChessBase"]
[SourceDate "2023.10.10"]
[SourceVersion "1"]
[SourceVersionDate "2023.10.10"]
[SourceQuality "1"]
[WhiteTeam "England"]
[BlackTeam "Ireland"]
[WhiteTeamCountry "ENG"]
[BlackTeamCountry "IRL"]

1. e4 c5 2. Nc3 d6 3. f4 Nc6 4. Nf3 Nf6 5. Bc4 g6 6. d3 Bg7 7. 0-0 0-0 8. Qe1 a6 9. a4 Nb4 10. Bb3 d5 11. e5 Ne8 12. Qf2 d4 13. Ne4 b6 14. Bd2 Nc6 15. a5 Bf5 16. axb6 Qxb6 17. e6 Bxe6 18. Bxe6 fxe6 19. Neg5 e5 20. Ne6 Rf6 21. Nxg7 Nxg7 22. Ng5 h6 23. Ne4 Rf7 24. Qg3 Kh7 25. fxe5 Raf8 26. Rxf7 Rxf7 27. Qh3 Nh5 28. Qe6 Rf5 29. Rf1 Ng7 30. Qd7 Rxf1+ 31. Kxf1 Nxe5 32. Qxe7 Qb8 33. Nf6+ Kh8 34. Bxh6 1-0

[Event "BCF-chT4 2223 (4NCL)"]
[Site "England"]
[Date "2023.04.30"]
[Round "10.54"]
[White "Welling, Zac"]
[Black "Quinn, John M"]
[Result "0-1"]
[WhiteElo "1665"]
[BlackElo "2149"]
[PlyCount "120"]
[EventDate "2022.11.05"]
[EventType "team-swiss"]
[EventRounds "11"]
[EventCountry "ENG"]
[SourceTitle "EXT 2024"]
[Source "ChessBase"]
[SourceDate "2023.10.10"]
[SourceVersion "1"]
[SourceVersionDate "2023.10.10"]
[SourceQuality "1"]
[WhiteTeam "Guildford Young Guns"]
[BlackTeam "Celtic Tigers II"]
[WhiteTeamCountry "ENG"]
[BlackTeamCountry "ENG"]

1. e4 c5 2. Nc3 Nc6 3. Bb5 Nd4 4. Bc4 e6 5. Nf3 a6 6. a4 Ne7 7. Nxd4 cxd4 8. Ne2 d5 9. exd5 Nxd5 10. 0-0 Bc5 11. d3 0-0 12. Ng3 Nf6 13. Bg5 Be7 14. Qd2 b6 15. Rfe1 Bb7 16. Qe2 Bd5 17. Bxd5 Qxd5 18. Bxf6 Bxf6 19. Ne4 Be7 20. Ng3 Rac8 21. Rac1 Rfd8 22. Qg4 Qg5 23. Qf3 Bb4 24. Red1 Rd5 25. Ne4 Qe7 26. Qe2 Bd6 27. g3 f5 28. Nd2 Re5 29. Qf3 b5 30. axb5 axb5 31. Nb3 Rd5 32. Re1 Qd7 33. Qe2 e5 34. Qf3 Be7 35. h4 Bf6 36. Qg2 Rd6 37. Re2 Rdc6 38. f3 Ra6 39. Ra1 Rxa1+ 40. Nxa1 h5 41. Nb3 Qd5 42. Qf2 Kf7 43. Kg2 Re8 44. Qe1 Ra8 45. Qb4 Be7 46. Qe1 Bf6 47. Qb4 Ra2 48. Nc1 Ra4 49. Qd2 Ra6 50. Qb4 g5 51. Rf2 gxh4 52. Qd2 Be7 53. Ne2 Rg6 54. c4 bxc4 55. dxc4 Qxc4 56. Qa5 Qe6 57. Qc7 hxg3 58. Rf1 h4 59. Rh1 Qd6 60. Qa7 Qa6 0-1

[Event "BCF-chT4 2223 (4NCL)"]
[Site "England"]
[Date "2023.01.07"]
[Round "3.54"]
[White "Welling, Zac"]
[Black "Perrett, David C"]
[Result "1/2-1/2"]
[WhiteElo "1665"]
[BlackElo "1959"]
[PlyCount "67"]
[EventDate "2022.11.05"]
[EventType "team-swiss"]
[EventRounds "11"]
[EventCountry "ENG"]
[SourceTitle "EXT 2024"]
[Source "ChessBase"]
[SourceDate "2023.10.10"]
[SourceVersion "1"]
[SourceVersionDate "2023.10.10"]
[SourceQuality "1"]
[WhiteTeam "Guildford Young Guns"]
[BlackTeam "The Full Ponty"]
[WhiteTeamCountry "ENG"]
[BlackTeamCountry "ENG"]

1. e4 Nf6 2. e5 Nd5 3. c4 Nb6 4. c5 Nd5 5. Nc3 e6 6. Nxd5 exd5 7. d4 b6 8. cxb6 axb6 9. Nf3 Be7 10. Be2 0-0 11. 0-0 d6 12. h3 Nd7 13. Bf4 dxe5 14. dxe5 Nc5 15. Nd4 Ne6 16. Nc6 Qe8 17. Nxe7+ Qxe7 18. Bh2 Bb7 19. f4 f5 20. Bf3 Kh8 21. Qb3 Nd4 22. Qc3 c5 23. Kh1 Nxf3 24. Qxf3 d4 25. Qb3 Qc7 26. Rac1 Rfd8 27. a3 Qc6 28. Rf2 b5 29. Qd3 g6 30. Qg3 c4 31. Rd2 Qe6 32. Bg1 d3 33. Bc5 Rac8 34. Bb4 1/2-1/2